| 000 | 00704nam a2200229 4500 | ||
|---|---|---|---|
| 001 | 121963 | ||
| 003 | ES-MaACL | ||
| 005 | 20250713091414.0 | ||
| 007 | t| | ||
| 008 | 070214s1952 sp r ||||1| spa d | ||
| 100 | 1 |
_aPoe, Edgar Allan, _d1809-1849 _9188384 |
|
| 245 | 1 | 0 |
_aAventuras de Arturo Gordon Pym / _cE. Allan Poe ; traducción de Angel Villanueva. |
| 260 |
_aBarcelona : _bJorge Furest, _c1952. |
||
| 300 |
_a276 p. ; _c19 cm. |
||
| 490 | 1 |
_aAventura ; _v5 |
|
| 655 | 0 |
_9234459 _aNovelas de acción y aventuras |
|
| 700 | 1 |
_aVillanueva, Angel. _9115014 |
|
| 830 | 0 |
_aAventura ; _v5 _9186548 |
|
| 852 |
_aES-MaACL _jC-6258 _bR.34806 |
||
| 942 | _2udc | ||
| 999 |
_c121963 _d121963 |
||